|
|
|
|
| LEADER |
02579nam a2200589 a 4500 |
| 001 |
nkc20102124996 |
| 003 |
CZ PrNK |
| 005 |
20110405150804.0 |
| 007 |
ta |
| 008 |
100908s2010 xr ac f m 000 0 cze |
| 015 |
|
|
|a cnb002124996
|
| 020 |
|
|
|a 978-80-248-2284-6
|q (brož.) :
|c neprodejné
|
| 035 |
|
|
|a (OCoLC)724293201
|
| 040 |
|
|
|a OLA001
|b cze
|d BOA001
|
| 041 |
1 |
|
|a cze
|a eng
|b eng
|h cze
|
| 072 |
|
7 |
|a 621
|x Strojírenství
|2 Konspekt
|9 19
|
| 080 |
|
|
|a 621.8
|2 MRF
|
| 080 |
|
|
|a 621.71
|2 MRF
|
| 080 |
|
|
|a 621.7.08
|2 MRF
|
| 080 |
|
|
|a (043.3)
|2 MRF
|
| 080 |
|
|
|a (048.3)
|2 MRF
|
| 100 |
1 |
|
|a Sigmund, Marek,
|d 1977-
|7 ola2011629467
|4 dis
|
| 245 |
1 |
0 |
|a Strategie hodnocení odchylky kruhovitosti na třísouřadnicovém měřicím stroji :
|b autoreferát doktorské disertační práce /
|c Marek Sigmund
|
| 246 |
1 |
|
|i Souběžný název na obálce:
|a Evaluation strategy roundness deviation of threecoordinate measuring machine
|
| 250 |
|
|
|a 1. vyd.
|
| 260 |
|
|
|a Ostrava :
|b VŠB - Technická univerzita Ostrava,
|c 2010
|
| 300 |
|
|
|a 53 s. :
|b il., portréty ;
|c 21 cm
|
| 490 |
1 |
|
|a Vědecké spisy Fakulty strojní. Autoreferáty disertačních prací ;
|v sv. 145
|
| 500 |
|
|
|a "Studijní program: P2301 Strojní inženýrství, studijní obor: 2303V002 Strojírenská technologie"
|
| 500 |
|
|
|a Autoreferát disertační práce (Ph.D.)--Vysoká škola báňská - Technická univerzita Ostrava, Fakulta strojní, 2010
|
| 500 |
|
|
|a 35 výt.
|
| 504 |
|
|
|a Obsahuje bibliografie
|
| 546 |
|
|
|a Část. souběžný anglický text, anglické resumé
|
| 650 |
0 |
7 |
|a strojní části
|7 ph126142
|2 czenas
|
| 650 |
0 |
7 |
|a tolerance rozměrů
|7 ph126677
|2 czenas
|
| 650 |
0 |
7 |
|a technická měření
|7 ph126464
|2 czenas
|
| 650 |
0 |
9 |
|a machine parts
|2 eczenas
|
| 650 |
0 |
9 |
|a dimensional tolerance
|2 eczenas
|
| 650 |
0 |
9 |
|a technical measurements
|2 eczenas
|
| 653 |
0 |
|
|a kruhovitost
|
| 655 |
|
7 |
|a disertace
|7 fd132024
|2 czenas
|
| 655 |
|
7 |
|a autoreferáty
|7 fd131857
|2 czenas
|
| 655 |
|
9 |
|a dissertations
|2 eczenas
|
| 655 |
|
9 |
|a autoabstracts
|2 eczenas
|
| 710 |
2 |
|
|a Vysoká škola báňská - Technická univerzita Ostrava.
|b Strojní fakulta
|7 kn20010709395
|
| 810 |
2 |
|
|a Vysoká škola báňská - Technická univerzita Ostrava.
|b Strojní fakulta.
|t Vědecké spisy.
|p Autoreferáty disertačních prací
|0 s
|
| 910 |
2 |
|
|a BOA001
|b 2-1264.202
|
| 928 |
9 |
|
|a Vysoká škola báňská - Technická univerzita Ostrava
|
| 990 |
|
|
|a BK
|
| 995 |
|
|
|a 01
|
| 991 |
|
|
|b 201103
|c NOV
|e n
|
| 996 |
6 |
|
|b 2610473076
|c 2-1264.202
|l MZK
|r Sklad / do 1 hodiny
|n 0
|p p.v.
|w 001173013
|u 000010
|a 1
|e BOA001
|j MZK50
|s P
|